Seinfeld Fictional Movies Quiz Stats

 Plays Quiz Updated Feb 3, 2020

     
Support Sporcle.
Go Orange.
Score 0/20 Timer 10:00
0 Plays Today
Hint Movie Title % Correct
A young girl's strange, erotic journey from Milan to Minsk.Rochelle, Rochelle
86.6%
Elaine chooses to see this instead of 'The English Patient'Sack Lunch
56.3%
Plans to see this movie were affected by Jerry having to dog sit, although he eventually ends up seeing it twice.Prognosis Negative
42.4%
Jerry became a bootlegging legend for his work with this film.Death Blow
42.2%
Susan gets upset because Jerry and Elaine don't stop talking during this movie.Chunnel
33.5%
Jerry refused to bootleg this movie, forcing Kramer to do the work instead.Cry, Cry Again
32%
Mentioned in one of Kramer's moviephone sequences.Brown-Eyed Girl
31.6%
While Jerry is dog sitting, Elaine and George see this movie about a Spanish conquistador.Ponce De Leon
28.1%
Mentioned in one of Kramer's moviephone sequences.Agent Zero
26.8%
Mr. Ross considered it 'a hell of a picture', but Frank Costanza got mad at him for spoiling it.Firestorm
17.7%
Hint Movie Title % Correct
Forced out of a 'sold out movie' (above), Elaine and Todd Gack are forced to see this flick instead.Blame it on the Rain
17.7%
Jerry, Elaine, George, and Kramer all meet up to see this one, only to end up in a risque film instead.Checkmate
16.7%
A direct-to-video movie that forces Kramer to visit his lawyer about a living will, only to have it revoked when he sees the end of the movie.The Other Side of Darkness
16.6%
In Kramer's Moviefone intro, he previews this R-Rated action film.Mountain High
14.4%
In 'The Puerto Rican Day', George gets a laugh by yelling 'That's gotta hurt!' at an opportune moment during this movie.Blimp: The Hindenburg Story
12.4%
George wanted to see something else, but Susan forced him to see this Glenn Close and Sally Field movie instead.The Muted Heart
11.3%
A video store employee recommends this film to Elaine. She opts for 'Weekend at Bernie's 2' instead.The Pain and the Yearning
10.4%
Mentioned in one of Kramer's moviephone sequences. (Elaine's request)Chow Fun
6.9%
Even though its sold out, Jerry's beautiful girlfriend Nikki is able to get tickets to see this.Means to an End
6%
Jerry wanted to see this movie, but Kramer was too tired from a long day at 'work' by Brandt and Leland.Cold Fusion
3.2%

From the Vault

Jim Carrey Characters

by Puzzgal

Movies 5m
'Your entrance was good... his was better.' - The Riddler
Remove Ads.
Support Sporcle.
Get the best of Sporcle when you Go Orange. This ad-free experience offers more features, more stats, and more fun while also helping to support Sporcle. Thank you for becoming a member.

Show Comments

Extras

Top Quizzes Today


Score Distribution

Your Account Isn't Verified!

In order to create a playlist on Sporcle, you need to verify the email address you used during registration. Go to your Sporcle Settings to finish the process.

Report this User

Report this user for behavior that violates our Community Guidelines.

Details: